Trudne pytania z ,,Jeden z dziesięciu" - Statystyki

Ogólne statystyki
  • Ten quiz został rozwiązany 47 razy
  • Średni wynik to 7 z 15
Statystyki odpowiedzi
Wskazówka Odpowiedź % Poprawnych
Nazwa placu do gry w tenisa ziemnego Kort
86%
Jedyny metal, który jest cieczą w temperaturze pokojowej Rtęć
81%
Fragment tekstu, który zaczyna się od nowego wiersza Akapit
78%
Dynastia, w której czasach szczerbiec stał się mieczem koronacyjnym polskich królów Piastów
76%
Polska drużyna piłkarska nazywana Białą Gwiazdą Wisła Kraków
70%
Nadmorskie miasto, w którym znajduje się dzielnica Stogi Gdańsk
65%
Grupa instrumentów, do której należy kontrabas Smyczkowe
51%
Nazwa futerału na strzały do łuku z języka tureckiego Kołczan
43%
Najniższy stopień wojskowy w polskiej Marynarce Wojennej Marynarz
38%
Ptak, w którego zaklęty był Gotfryd, postać z opery "Lohengrin" Richarda Wagnera Łabędź
30%
Dawny typ roweru bez przekładni o dużym przednim kole i dużo mniejszym tylnym Welocyped (penny-farthing)
24%
Państwo, z którego pochodzi pianistka Martha Argerich Argentyna
19%
Linia kolejowa, która zaprojektował i zbudował Ernest Malinowski Kolej transandyjska
19%
Zwierzę, które jest symbolem kanadyjskiej drużyny hokejowej Montreal Canadiens Wydra
8%
Pierwszy zwycięzca w Konkursie Piosenki Eurowizji Lys Assia
5%
Nie znaleziono quizów pasujących do podanych kryteriów
Rozkład punktacji
Procent ludzi z każdym wynikiem
Percentyl według liczby udzielonych odpowiedzi
Twoja historia wyników
Nie rozwiązałeś tego quizu